Philosophical perspectives of education (Record no. 20053)

MARC details
000 -LEADER
fixed length control field 00456nam a2200169Ia 4500
008 - FIXED-LENGTH DATA ELEMENTS--GENERAL INFORMATION
fixed length control field 230917s9999||||xx |||||||||||||| ||und||
020 ## - ISBN
Price RS995
040 ## - CATALOGING SOURCE
-- 236236
Original cataloging agency VIVEKANANDA LIBRARY
041 ## - Language
-- English
082 ## - DDC NUMBER
Classification number 370.1 A36P
100 ## - MAIN ENTRY--PERSONAL NAME
Personal name Ashok Kumar
245 #0 - TITLE STATEMENT
Title Philosophical perspectives of education
260 ## - PUBLICATION, DISTRIBUTION, ETC. (IMPRINT)
Place of publication, distribution, etc New Delhi
Name of publisher, distributor, etc APH Publishing
Date of publication, distribution, etc 2015
300 ## - PHYSICAL DESCRIPTION
Pages xvi, 254 p.
500 ## - GENERAL NOTE
General note 2484 01/12/2016 RBP16/62780 13/12/2016 Main Budget
942 ## - ADDED ENTRY ELEMENTS (KOHA)
Koha item type Books
Holdings
Withdrawn status Lost status Damaged status Not for loan Location (home branch) Sublocation or collection (holding branch) Date acquired Koha issues (times borrowed) Koha full call number Accession No. Koha date last seen Koha item type
        VIVEKANANDA LIBRARY VIVEKANANDA LIBRARY 02/01/2017   370.1 A36P 359452 17/09/2023 Books
        VIVEKANANDA LIBRARY VIVEKANANDA LIBRARY 02/01/2017 1 370.1 A36P 359453 27/02/2025 Books
        VIVEKANANDA LIBRARY VIVEKANANDA LIBRARY 02/01/2017   370.1 A36P 359454 17/09/2023 Books
        VIVEKANANDA LIBRARY VIVEKANANDA LIBRARY 02/01/2017   370.1 A36P 359455 17/09/2023 Books
        VIVEKANANDA LIBRARY VIVEKANANDA LIBRARY 02/01/2017   370.1 A36P 359456 17/09/2023 Books
© Designed and Maintained by Vivekananda Library, MDU Rohtak